Il nome della rosa / (Record no. 28860)
[ view plain ]
| 000 -LEADER | |
|---|---|
| campo di controllo lung. fissa | 00802nam a22002657i 4500 |
| 001 - Numero di controllo | |
| campo di controllo | IT\ICCU\LO1\1050486 |
| 003 - Identificatore del numero di controllo | |
| campo di controllo | ItRI |
| 005 - Data e orario dell'ultima transazione | |
| campo di controllo | 20260306164147.0 |
| 008 - Elementi di lunghezza fissa--Informazione generale | |
| campo di controllo lung. fissa | 060405s2005 it |||||| ||||| |||||c |
| 020 ## - ISBN (International Standard Book Number) | |
| ISBN (International Standard Book Number) | 8845246345 |
| 020 ## - ISBN (International Standard Book Number) | |
| ISBN (International Standard Book Number) | 9788845246340 (rist. 2007; 58 rist. 2010) |
| 040 ## - Fonte della catalogazione | |
| Lingua della catalogazione | ita |
| Agenzia che fa la trascrizione | NP |
| 041 #7 - Codice di lingua | |
| Codice di lingua del testo/traccia sonora o titolo separato | ita |
| Fonte del codice | ISO-639-2 |
| 082 ## - Numero di classificazione Decimale Dewey | |
| Numero di classificazione | 853.914 |
| Numero dell'edizione | 21 |
| 100 1# - Accesso principale -- nome di persona | |
| Nome di persona | Eco, Umberto |
| Numero del record di authority o numero standard | IT\ICCU\CFIV\006213 |
| Relazione: | aut |
| 240 13 - Titolo uniforme | |
| Titolo uniforme | Il nome della rosa |
| 9 (RLIN) | Eco, Umberto |
| 245 13 - Formulazione del titolo | |
| Titolo | Il nome della rosa / |
| Formulazione di responsabilità, ecc. | Umberto Eco ; in appendice postille a "Il nome della rosa". |
| 250 ## - Formulazione di edizione | |
| Formulazione di edizione | 5. ed |
| 260 ## - Pubblicazione, distribuzione, ecc. (stampa) | |
| Luogo di pubblicazione, distribuzione, ecc. | Milano : |
| Nome dell'editore, distributore, ecc. | Bompiani, |
| Data di pubblicazione, distribuzione, ecc. | 2005 |
| 300 ## - Descrizione fisica | |
| Estensione | 532 p. : |
| Altre particolarità fisiche | ill. ; |
| Dimensioni | 20 cm. |
| 830 #0 - Accesso aggiunto di serie--titolo uniforme | |
| Titolo uniforme | Tascabili Bompiani ; |
| Numero del volume/designazione di sequenza | 33 |
| Numero del record di authority o numero standard | IT\ICCU\CFI\0000031 |
| 982 #1 - EQUIVALENCE OR CROSS-REFERENCE-SERIES STATEMENT--CONFERENCE OR MEETING NAME/TITLE [LOCAL, CANADA] | |
| Collegamento | z01 |
| Nome del convegno o nome della giurisdizione come accesso | n |
| 942 ## - Dati aggiuntivi (Koha) | |
| Fonte della classificazione o dello schema di collocazione (segnatura) | Classificazione decimale Dewey |
| Tipo copia default (Koha) | Libri |
| 981 #1 - EQUIVALENCE OR CROSS-REFERENCE-SERIES STATEMENT--CORPORATE NAME/TITLE [LOCAL, CANADA] | |
| Collegamento | z01 |
| Nome dell'ente o nome della giurisdizione come accesso | i |
| Unità subordinata | xxxe |
| Status ritirato | Status smarrito: | Fonte della classificazione o dello schema di collocazione (segnatura) | Status danneggiato: | Escluso dal prestito | Biblioteca di appartenenza | Biblioteca corrente | Data di acquisti | Totale prestiti | Collocazione | Codice a barre | Data ultima revisione | Prezzo effettivo da | Tipo copia default (Koha) |
|---|---|---|---|---|---|---|---|---|---|---|---|---|---|
| Classificazione decimale Dewey | ROVIGO | Politropia Arcigay Rovigo APS | ROVIGO | Politropia Arcigay Rovigo APS | 06/03/2026 | 853.914 ECO NOM | 11763 | 06/03/2026 | 06/03/2026 | Libri |